Bienvenue à la Médiathèque de Saint-Andiol
banniere
Accueil Recherche avancée Mon compte
handi1 Rechercher dans le catalogue

Filtre   Mots-clés
  Recherche avancée
 
Lister les dernières nouveautés
 
Lister les livres GROS CARACTERES
 
Lister les périodiques (magazines)

handi1 Crocus et le caca

<< Retourner aux résultats de la recherche
Book Cover
Auteur principal : Sophie Guerrive
Titre : Crocus et le caca
Support : Livres
Langue : Francais
Publié : 2024 Editions 2024 [Strasbourg]
Series : Crocus
Genre : Album
Sujets :
Étiquettes :
Pas de tags
LEADER 00854nam0a2200241 450
001 16868252
010 |a 978-2-38387-091-3  |b cart.  |d 8,9 € 
100 |a 20240110d2024 u u0frey01 ba 
101 0 |a fre 
102 |a FR 
200 0 |a Crocus et le caca  |f Sophie Guerrive 
207 1 |a   
210 |a [Strasbourg]  |c Editions 2024  |d 2024 
215 |a 1 vol. (24 p.)  |c illustrations en couleur  |d 12 cm 
330 |a Crocus troque ses couches pour le pot et observe la forme de ses déjections. Une histoire pour apprendre à être propre. Electre 2024 
461 0 |t Crocus 
606 0 |a Fèces 
606 0 |a Education à la propreté 
608 |a Albums jeunesse 
700 0 |a Guerrive  |b Sophie  |f 1983-....  |4 70 
900 |a Album 
901 |a Jeunesse 
995 |a Médiathèque  |c Médiathèque  |f 00156010432003  |h 00156010432003  |k A GUE BB  |o p  |q j  |r az  |e Médiathèque